000 00531nam a2200157Ia 4500
001 9481
003 GE_BSU
008 181216s||||||||xx |||||||||||||| ||und||
040 _cGE_BSU
245 _aРеферативный журнал.№2.2014
245 _bЭлектронное издание Математический анализ
260 _aМосква
260 _c2014
653 _aРеферативный журнал. Электронное издание Математический анализ
942 _cCF
999 _c42775
_d42775